00889nas a2200229Ia 4500001001100000003000900011008004100020040001300061040001300074041001300087100004200100210001600142222001600158245012600174250001100300260004600311501008600357300001900443362005200462500010900514650003600623R061/B8451IT-RoPAU151124c99999999xx |||||||||||| ||und|| aIT-RoPAU cIT-RoPAU aFRANCESE aMayere AnnegCodice Aut. SPICS: 34255 aCINEMACTION aCinemaction aCINEMACTION, N.063 (1992) - LES THEORIES DE LA COMMUNICATIONbCommunication Comme Categorie De L'Analyse Economique? (La) a1a ed. aCONDE' SUR NOIREAU (FRANCE)bCORLETc1992 bPaulus - SPICS - Società San Paolo EM (non-commercial uses only)cCopyright2015 a7 p. [101-107] aN.063 (1992) - LES THEORIES DE LA COMMUNICATION aComunicazione Come Categoria di Analisi Economica? Voci D'Entrata della Comunicazione. Teoria Economica. aCINEMAvPUBBLICAZIONE PERIODICA